• 首页
  • 本馆介绍
  • 公告通知
  • 最新文献
  • 馆藏检索
  • 电子资源
  • 读者导购
  • 参考咨询
  • 我的图书馆
  • 登录
  • 详细信息显示
  • 放入我的书架
  • 预约/预借图书
  • 作者相关作品
  • 分类相关作品
  • 丛书相关作品
  • 出版社相关作品

书目信息

  • 表格格式
  • 工作单格式
  • 卡片格式
题名:
大学基础化学实验
    
 
作者: 吴俊森 主编
分册:  
出版信息: 北京   化学工业出版社  2019.07
页数: 193页
开本: 26cm
丛书名:
单 册:
中图分类: O6
科图分类:
主题词: 化学实验--hua xue shi yan--高等学校--教材
电子资源:
ISBN: 978-7-122-15861-1
000 01041nam0 2200253 450
001 0109110225
005 20201109144832.17
010    @a978-7-122-15861-1@dCNY22.00
100    @a20130217d2019 em y0chiy50 ea
101 0  @achi
102    @aCN@b110000
105    @ay z 000yy
106    @ar
200 1  @a大学基础化学实验@Ada xue ji chu hua xue shi yan@f吴俊森主编
205    @a2版
210    @a北京@c化学工业出版社@d2019.07
215    @a193页@d26cm
300    @a高等学校教材
330    @a本书分为两大部分,第一部分是基础化学实验基本知识,分为绪论、化学实验室常用仪器设备的使用、化学实验基本操作、实验中的数据表达与处理等,使学生能够较系统地掌握化学实验基础知识。第二部分是实验,共计56个,在选取实验项目时,考虑到学科之间相互交叉渗透,编写了与材料科学、生命科学及环境科学相关的应用性化学实验,以拓展学生的知识面,同时也有利于不同专业的学生使用。
606 0  @a化学实验@Ahua xue shi yan@x高等学校@j教材
690    @aO6@v5
701  0 @a吴俊森@Awu jun sen@4主编
801  0 @aCN@bBJSZM@c20201103
905    @b1241103-6@dO6@e1142=2@f4
    
    大学基础化学实验/吴俊森主编.-2版.-北京:化学工业出版社,2019.07
    193页;26cm
    高等学校教材
    
    ISBN 978-7-122-15861-1:CNY22.00
    本书分为两大部分,第一部分是基础化学实验基本知识,分为绪论、化学实验室常用仪器设备的使用、化学实验基本操作、实验中的数据表达与处理等,使学生能够较系统地掌握化学实验基础知识。第二部分是实验,共计56个,在选取实验项目时,考虑到学科之间相互交叉渗透,编写了与材料科学、生命科学及环境科学相关的应用性化学实验,以拓展学生的知识面,同时也有利于不同专业的学生使用。
●
相关链接 在E读中查询图书 在五车中查询图书 在当当中查询图书 在豆瓣中查询图书


正题名:大学基础化学实验     索取号:O6/1142=2         预约/预借

序号 登录号 条形码 馆藏地/架位号 状态 备注
1 1241103   212411031   第二样本阅览室/ [索取号:O6/1142=2] 在馆    
2 1241104   212411040   第三借阅区/ [索取号:O6/1142=2] 在馆    
3 1241105   212411059   第三借阅区/ [索取号:O6/1142=2] 在馆    
4 1241106   212411068   第三借阅区/ [索取号:O6/1142=2] 在馆    
唐山师范学院图书馆 欢迎您!
大连网信软件有限公司© 版权所有